Manual práctico del cultivo sin suelo e hidroponía
Saved in:
| Hovedforfatter: | |
|---|---|
| Format: | Bog |
| Sprog: | spansk |
| Udgivet: |
Madrid
Ediciones Mundi-Prensa
2015
|
| Udgivelse: | 1a. ed |
| Fag: | |
| Tags: |
Tilføj Tag
Ingen Tags, Vær først til at tagge denne postø!
|
MARC
| LEADER | 00000cam a2200000 a 4500 | ||
|---|---|---|---|
| 001 | UCC7584 | ||
| 003 | CL-VaPUC | ||
| 005 | 20241014164502.0 | ||
| 008 | 190412e20150000sp |||||||||||||||||spa|d | ||
| 999 | |c 374193 |d 374191 | ||
| 020 | |a 9788484766681 | ||
| 040 | |c Pontificia Universidad Católica de Valparaíso | ||
| 082 | 0 | 4 | |a 631.585 |b URR |2 21 |
| 100 | 0 | |a Urrestarazu Gavilán, Miguel |e author |9 602249 | |
| 245 | 1 | 0 | |a Manual práctico del cultivo sin suelo e hidroponía |
| 250 | |a 1a. ed | ||
| 260 | |a Madrid |b Ediciones Mundi-Prensa |c 2015 | ||
| 300 | |a 267 p | ||
| 583 | |a last modification |c 20190412 13:45:00 |k Rodrigo Vera | ||
| 650 | 0 | |a Hidroponía |9 380084 |x Hortalizas | |
| 650 | 0 | |a Cultivos sin suelo |9 545213 | |
| 650 | 0 | |a Sustratos |9 602250 | |
| 650 | 0 | |a Fertirrigación |9 392250 | |
| 942 | |c BK |2 ddc | ||
| 945 | |d 20190412 13:45:00 |a dcastane | ||
| 952 | |0 0 |1 0 |3 erb |4 0 |6 631_585000000000000_URR_2015 |7 0 |8 R |9 492676 |a BIBAGR |b BIBAGR |i 5543185 |l 4 |o 631.585 URR 2015 |p 5543185 |r 2025-01-20 |s 2023-04-11 |w 2019-11-24 |y BK_R |z Catalogado en:20190412 |k AGR | ||
| 952 | |0 0 |1 0 |3 erb |4 0 |6 631_585000000000000_URR_2015 |7 0 |8 R |9 492677 |a BIBAGR |b BIBAGR |i 5543177 |l 8 |m 2 |o 631.585 URR 2015 |p 5543177 |r 2025-01-20 |s 2023-10-19 |w 2019-11-24 |y BK_R |z Catalogado en:20190412 |k AGR | ||
| 952 | |0 0 |1 1 |2 ddc |3 erb |4 0 |6 631_585000000000000_URR_2015 |7 0 |8 R |9 492678 |a BIBAGR |b BIBAGR |i 5543169 |o 631.585 URR 2015 |p 5543169 |r 2019-11-24 |w 2019-11-24 |y BK_R |z Catalogado en:20190412 |k AGR | ||